00387nam a2200157 a 45000010005000000030009000050080041000140400028000550820009000831000012000922450029001042600036001333000014001694900023001836500023002063028CO-ViMGA141112s2004 ck r 000 u spa d aCO-ViMGAbspacCO-ViMGA aJANv1 aJanosch10aVamos a buscar un tesoro aBogotá : bSantillana, c1988 a46 p : il aInfantil elfaguara14aCUENTOS INFANTILES